[Event "Campeonato de Aragon por Equipos 2025 - "]
[Site "?"]
[Date "2025.02.22"]
[Round "5.35"]
[White "Aribau Rivas, Miguel Angel"]
[Black "Repolles Bel, Antonio"]
[Result "1-0"]
[WhiteElo "1987"]
[BlackElo "1845"]
[PlyCount "57"]
[GameId "2148900719845782"]
[EventDate "2025.01.25"]
[WhiteTeam "Fraga"]
[BlackTeam "San Jose"]

1. e4 c5 2. Nc3 Nc6 3. f4 g6 4. Nf3 Bg7 5. Bc4 a6 6. a4 e6 7. O-O Nge7 8. d3 Na5 9. Ba2 d5 10. Qe1 d4 11. Ne2 Nec6 12. Bd2 b6 13. Ng3 Nb7 14. f5 Qc7 15. fxe6 f6 16. Ne2 Nbd8 17. Nf4 Qd6 18. Qg3 Ne7 19. Rae1 Bb7 20. Bb3 Ndc6 21. Nd5 Qxg3 22. hxg3 Nxd5 23. exd5 Ne7 24. d6 Nf5 25. Bf4 g5 26. g4 Nh6 27. Nxg5 Nxg4 28. Nf7 Rf8 29. d7+ 1-0

[Event "Campeonato de Aragon por Equipos 2025 - "]
[Site "?"]
[Date "2025.02.22"]
[Round "5.36"]
[White "Tarela Perez, Jose Gerardo"]
[Black "Chine Infantes, Miguel Angel"]
[Result "1/2-1/2"]
[WhiteElo "1822"]
[BlackElo "1866"]
[PlyCount "72"]
[GameId "2148900719882647"]
[EventDate "2025.01.25"]
[WhiteTeam "San Jose"]
[BlackTeam "Fraga"]

1. e4 b6 2. d4 Bb7 3. Bd3 e6 4. Nf3 Nf6 5. Qe2 h6 6. O-O Nc6 7. a3 Qe7 8. Be3 g5 9. Nfd2 Bg7 10. c3 d5 11. e5 Nd7 12. a4 a5 13. Na3 O-O-O 14. Nc2 f5 15. f4 Rdg8 16. Rfb1 gxf4 17. Bxf4 h5 18. b4 Bh6 19. Bxh6 Rxh6 20. Nf3 Rhg6 21. Kh1 Qg7 22. Nh4 Rg4 23. g3 Ncxe5 24. Ne3 Rxh4 25. gxh4 Nxd3 26. Rg1 Qf7 27. Qxd3 Rxg1+ 28. Rxg1 axb4 29. cxb4 Nf6 30. a5 Ne4 31. Rg2 f4 32. Nf1 f3 33. Rc2 bxa5 34. bxa5 Qg6 35. Qxf3 Ng3+ 36. hxg3 Qxc2 1/2-1/2

[Event "Campeonato de Aragon por Equipos 2025 - "]
[Site "?"]
[Date "2025.02.22"]
[Round "5.37"]
[White "Labrador Postigo, Francisco M."]
[Black "Arrieta Restrepo, Steven"]
[Result "0-1"]
[WhiteElo "1868"]
[BlackElo "2095"]
[PlyCount "118"]
[GameId "2148900719919512"]
[EventDate "2025.01.25"]
[WhiteTeam "El Olivar C"]
[BlackTeam "Monzon"]

1. d4 d5 2. Bf4 Nf6 3. e3 e6 4. Nd2 Bd6 5. Ngf3 Bxf4 6. exf4 O-O 7. Bd3 b6 8. Qe2 a5 9. c3 Ba6 10. Bxa6 Nxa6 11. O-O c5 12. a4 Qd6 13. g3 Rfb8 14. Rfd1 h6 15. Ra3 c4 16. Qe5 Qe7 17. Rda1 Nd7 18. Qe2 Nc7 19. R3a2 b5 20. axb5 Rxb5 21. Nf1 Qd6 22. Ne3 f5 23. h4 Qb6 24. Kg2 Nf6 25. Ne5 a4 26. Nd1 Rba5 27. Qc2 Qb3 28. Qe2 a3 29. Nc6 Ra4 30. Qe5 Nfe8 31. g4 Qb6 32. Ne7+ Kf7 33. Nxf5 exf5 34. Qxf5+ Qf6 35. Qd7+ Qe7 36. Qxe7+ Kxe7 37. Rxa3 Rxa3 38. bxa3 Nd6 39. f3 g6 40. Kf2 Kd7 41. a4 Kc6 42. Ne3 Rb8 43. g5 h5 44. Kg3 Rb3 45. Rc1 Ne6 46. a5 Ra3 47. Rb1 Rxa5 48. Rb8 Ng7 49. Rg8 Ngf5+ 50. Nxf5 Nxf5+ 51. Kh3 Ne7 52. Rg7 Kd6 53. f5 gxf5 54. Rh7 Ra3 55. Rh6+ Kd7 56. Rxh5 Rxc3 57. Kg3 Re3 58. g6 c3 59. Rh7 c2 0-1

[Event "Campeonato de Aragon por Equipos 2025 - "]
[Site "?"]
[Date "2025.02.22"]
[Round "5.38"]
[White "Hidalgo Gracia, Andres"]
[Black "De La Riva Fernandez, Eduardo"]
[Result "1-0"]
[WhiteElo "2036"]
[BlackElo "1820"]
[PlyCount "149"]
[GameId "2148900720005529"]
[EventDate "2025.01.25"]
[WhiteTeam "Monzon"]
[BlackTeam "El Olivar C"]

1. Nf3 Nf6 2. c4 c6 3. d4 d5 4. Nc3 e6 5. Bg5 Nbd7 6. e3 Be7 7. Qc2 h6 8. Bh4 O-O 9. a3 dxc4 10. Bxc4 b5 11. Be2 a5 12. O-O Bb7 13. Rfd1 Rc8 14. Rac1 b4 15. axb4 axb4 16. Na4 Re8 17. Nc5 Ba8 18. Qc4 Nd5 19. Bg3 N7b6 20. Qb3 Bd6 21. e4 Bxg3 22. hxg3 Nf6 23. Qxb4 Rb8 24. Qc3 Nbd7 25. Bd3 Qb6 26. Rd2 Nxc5 27. Qxc5 Red8 28. Bb1 Qb4 29. Rc4 Qxc5 30. Rxc5 Rb5 31. Bd3 Rb4 32. e5 Nd5 33. Be4 Rdb8 34. Ra5 Bb7 35. Rc2 Ra8 36. Rxa8+ Bxa8 37. Bxd5 exd5 38. Kf1 Bb7 39. Ke1 Rb6 40. Kd2 Ba6 41. Ne1 Kf8 42. Nd3 Bxd3 43. Kxd3 Ke7 44. Kc3 Kd7 45. f4 Ra6 46. Rc1 Ra4 47. Rb1 Rc4+ 48. Kd3 Rb4 49. b3 h5 50. Kc3 Rb6 51. Ra1 Ke6 52. Ra7 g6 53. b4 Rb8 54. Kb3 Rb6 55. Ka4 Rb8 56. Rc7 Ra8+ 57. Kb3 Ra6 58. Rc8 Rb6 59. Rd8 Kf5 60. Rd7 Ke4 61. Rxf7 Kxd4 62. Rf6 g5 63. e6 c5 64. e7 Rxb4+ 65. Kc2 Ra4 66. e8=Q Ra2+ 67. Kb1 Rxg2 68. fxg5 Rg1+ 69. Kc2 Rg2+ 70. Kd1 Rxg3 71. Qxh5 Rd3+ 72. Ke1 Re3+ 73. Kf2 c4 74. Rf4+ Kd3 75. Qd1+ 1-0

[Event "Campeonato de Aragon por Equipos 2025 - "]
[Site "?"]
[Date "2025.02.22"]
[Round "5.39"]
[White "Sisas Mainar, Izan"]
[Black "Barranco Mananet, Fernando"]
[Result "0-1"]
[WhiteElo "1785"]
[BlackElo "1949"]
[PlyCount "106"]
[GameId "2148900720042394"]
[EventDate "2025.01.25"]
[WhiteTeam "El Olivar C"]
[BlackTeam "Monzon"]

1. d4 e6 2. c4 Nf6 3. Nc3 d5 4. cxd5 exd5 5. Bg5 Be7 6. e3 O-O 7. Bd3 h6 8. Bh4 c6 9. Nge2 Nbd7 10. Qc2 b6 11. Bg3 Bb7 12. O-O a6 13. Rac1 b5 14. a3 Nb6 15. f3 c5 16. Bf2 c4 17. Bf5 Bc8 18. Ng3 Bd6 19. Bxc8 Bxg3 20. Bxg3 Rxc8 21. Rcd1 Nh5 22. Bf2 Qd7 23. Qc1 a5 24. e4 b4 25. Ne2 Na4 26. Qc2 c3 27. b3 Nb6 28. a4 g6 29. Be3 Kg7 30. Qc1 Rh8 31. e5 f5 32. f4 Kf7 33. Qc2 Ng7 34. Nc1 h5 35. Nd3 Ne6 36. Qf2 Qe7 37. Qg3 c2 38. Rd2 Rc3 39. Nc1 Rhc8 40. Qf2 Nxa4 41. bxa4 b3 42. Nd3 c1=Q 43. Nxc1 Rxc1 44. Rb2 R1c2 45. Rxc2 Rxc2 46. Qe1 Qc7 47. Qb1 Qc3 48. Bf2 b2 49. Be1 Qxd4+ 50. Kh1 Qc4 51. Kg1 Nd4 52. h3 Qe2 53. Rf2 Qxf2+ 0-1

[Event "Campeonato de Aragon por Equipos 2025 - "]
[Site "?"]
[Date "2025.02.22"]
[Round "5.40"]
[White "Rodriguez Aranda, Kevin"]
[Black "Marco Garcia, Francho"]
[Result "0-1"]
[WhiteElo "1883"]
[BlackElo "1765"]
[PlyCount "82"]
[GameId "2148900720087451"]
[EventDate "2025.01.25"]
[WhiteTeam "Monzon"]
[BlackTeam "El Olivar C"]

1. e4 c6 2. d4 d5 3. exd5 cxd5 4. Bd3 Nc6 5. c3 Nf6 6. Bf4 Bg4 7. Ne2 e6 8. O-O Bd6 9. f3 Bh5 10. Nd2 Bg6 11. Nb3 Bxd3 12. Qxd3 O-O 13. Rae1 Rb8 14. Qe3 b5 15. Nc5 Re8 16. Ng3 Bxf4 17. Qxf4 b4 18. Qd2 Qa5 19. cxb4 Rxb4 20. Ne2 Qxa2 21. Nd3 Rb6 22. Ra1 Qb3 23. Ra3 Qb5 24. Nc3 Qc4 25. Ra4 Nb4 26. Ne5 Qc7 27. Rfa1 a6 28. Ra5 Nd7 29. Nxd7 Qxd7 30. Na4 Rb5 31. Nc5 Qc6 32. R1a4 Rxa5 33. Rxa5 Qb6 34. Ra4 a5 35. b3 e5 36. Nd7 Qxd4+ 37. Qxd4 exd4 38. Rxa5 d3 39. Ra1 d2 40. Kf1 Nd3 41. Nc5 Re1+ 0-1

[Event "Campeonato de Aragon por Equipos 2025 - "]
[Site "?"]
[Date "2025.02.22"]
[Round "5.41"]
[White "Colon Garcia, Santiago"]
[Black "Salamero Pelay, Fernando"]
[Result "0-1"]
[WhiteElo "1939"]
[BlackElo "2052"]
[PlyCount "76"]
[GameId "2148900720132508"]
[EventDate "2025.01.25"]
[WhiteTeam "Marcos Frechin C"]
[BlackTeam "Atletismo Huesca"]

1. d4 Nf6 2. e3 g6 3. Bd3 Bg7 4. f4 O-O 5. Nf3 d5 6. Nbd2 c5 7. c3 Qb6 8. O-O Bf5 9. Bxf5 gxf5 10. Nh4 e6 11. h3 Qd8 12. Qe1 Nbd7 13. Kh2 Rc8 14. Rg1 h5 15. Ndf3 b5 16. Qe2 b4 17. Ne5 bxc3 18. bxc3 Nxe5 19. dxe5 Ng4+ 20. Kg3 Nxe5 21. Qxh5 Nd7 22. Nf3 Nf6 23. Qh4 Ne4+ 24. Kh2 Qxh4 25. Nxh4 Bxc3 26. Rb1 Rb8 27. Ba3 Rfc8 28. g4 Rxb1 29. Rxb1 fxg4 30. hxg4 Bd2 31. Bc1 c4 32. Nf3 c3 33. Ba3 c2 34. Nxd2 cxb1=Q 35. Nxb1 Rc2+ 36. Kh3 Rxa2 37. Be7 Rb2 38. Na3 Rb7 0-1

[Event "Campeonato de Aragon por Equipos 2025 - "]
[Site "?"]
[Date "2025.02.22"]
[Round "5.42"]
[White "Gella Bitrian, Diego"]
[Black "Prats Fares, Nahuel"]
[Result "1/2-1/2"]
[WhiteElo "1990"]
[BlackElo "1926"]
[PlyCount "109"]
[GameId "2148900720169373"]
[EventDate "2025.01.25"]
[WhiteTeam "Atletismo Huesca"]
[BlackTeam "Marcos Frechin C"]

1. e4 e6 2. d4 d5 3. Nd2 c5 4. exd5 Qxd5 5. Ngf3 cxd4 6. Bc4 Qd6 7. O-O Nf6 8. Nb3 Be7 9. Re1 Nc6 10. Nbxd4 Nxd4 11. Qxd4 Qxd4 12. Nxd4 Bc5 13. Nb5 O-O 14. Bf4 Bd7 15. Nd6 Bc6 16. Rad1 Rfd8 17. Nb5 a6 18. Nc3 Rac8 19. Rxd8+ Rxd8 20. Rd1 Rxd1+ 21. Nxd1 Ne4 22. Be3 Bxe3 23. Nxe3 Kf8 24. c3 Ke7 25. f3 Nd6 26. Bd3 e5 27. Nc4 Nxc4 28. Bxc4 f5 29. Kf2 e4 30. fxe4 Bxe4 31. g3 Kf6 32. h4 h6 33. Ke3 g5 34. hxg5+ hxg5 35. a4 Bc6 36. Bb3 Ke5 37. Bd1 f4+ 38. gxf4+ gxf4+ 39. Kf2 b6 40. b4 a5 41. Bc2 Bd5 42. Bd1 Be4 43. Bb3 Bd3 44. Kf3 Bg6 45. Kf2 Bb1 46. Kf3 Bd3 47. Bd1 Be4+ 48. Kf2 Bc6 49. Bb3 Bd7 50. Bc2 Bg4 51. Bb3 Ke4 52. Bc2+ Kd5 53. Bb3+ Ke4 54. Bc2+ Kd5 55. Bb3+ 1/2-1/2

[Event "Campeonato de Aragon por Equipos 2025 - "]
[Site "?"]
[Date "2025.02.22"]
[Round "5.43"]
[White "Gaspar Calvo, Luis Alberto"]
[Black "Molina Cubero-Luna, German"]
[Result "0-1"]
[WhiteElo "1901"]
[BlackElo "1915"]
[PlyCount "46"]
[GameId "2148900720206238"]
[EventDate "2025.01.25"]
[WhiteTeam "Marcos Frechin C"]
[BlackTeam "Atletismo Huesca"]

1. e4 e6 2. d4 d5 3. e5 c5 4. c3 Nc6 5. Nf3 Qb6 6. Bd3 Bd7 7. dxc5 Bxc5 8. O-O a5 9. Qe2 f6 10. exf6 Nxf6 11. Bf4 O-O 12. Bg3 Rae8 13. Ne5 Nxe5 14. Bxe5 Bd6 15. Bxd6 Qxd6 16. f4 e5 17. fxe5 Rxe5 18. Qc2 Rh5 19. g3 Ng4 20. Rxf8+ Qxf8 21. Na3 Qc5+ 22. Kh1 Rxh2+ 23. Qxh2 Nxh2 0-1

[Event "Campeonato de Aragon por Equipos 2025 - "]
[Site "?"]
[Date "2025.02.22"]
[Round "5.44"]
[White "Laplaza Ara, Carlos"]
[Black "Celorrio De Pablo, Ricardo"]
[Result "1-0"]
[WhiteElo "1912"]
[BlackElo "1814"]
[PlyCount "61"]
[GameId "2148900720239007"]
[EventDate "2025.01.25"]
[WhiteTeam "Atletismo Huesca"]
[BlackTeam "Marcos Frechin C"]

1. d4 Nf6 2. c4 g6 3. Nc3 Bg7 4. e4 d6 5. Nf3 O-O 6. Be2 e5 7. dxe5 dxe5 8. Bg5 Nbd7 9. Qc2 c6 10. O-O Qc7 11. b4 a5 12. a3 axb4 13. axb4 Rxa1 14. Rxa1 Nxe4 15. Qxe4 f5 16. Qc2 e4 17. Ne1 f4 18. Rd1 e3 19. fxe3 fxe3 20. Bxe3 Ne5 21. Nf3 Ng4 22. Bf2 Rxf3 23. Bxf3 Qxh2+ 24. Kf1 Bf5 25. Ne4 Qf4 26. Qd2 Nh2+ 27. Ke2 Qe5 28. Qd8+ Kf7 29. Bg3 Nxf3 30. Bxe5 Nxe5 31. Ng5# 1-0

[Event "Campeonato de Aragon por Equipos 2025 - "]
[Site "?"]
[Date "2025.02.22"]
[Round "5.45"]
[White "Sancho Cortes, Miguel Angel"]
[Black "Montoro Mavilla, Sergio"]
[Result "1-0"]
[WhiteElo "2017"]
[BlackElo "1944"]
[PlyCount "113"]
[GameId "2148900720275872"]
[EventDate "2025.01.25"]
[WhiteTeam "Iberajedrez Mundo 64 B"]
[BlackTeam "Jaque - Aramovil B"]

1. e4 e5 2. Nf3 Nc6 3. Bb5 a6 4. Ba4 Nf6 5. Bxc6 dxc6 6. d3 Qd6 7. Nbd2 Be6 8. b3 Be7 9. Bb2 Nd7 10. Qe2 Bf6 11. Rd1 b5 12. Nf1 c5 13. Ne3 g6 14. O-O a5 15. c3 Qc6 16. d4 Qxe4 17. dxe5 Nxe5 18. Nxe5 Qxe5 19. Qxb5+ Kf8 20. Nd5 Bxd5 21. Qxc5+ Kg7 22. Qxd5 Rhd8 23. Qxe5 Bxe5 24. g3 Bf6 25. Rfe1 h5 26. Kf1 Rab8 27. Rxd8 Rxd8 28. Ke2 Rd7 29. Rd1 Re7+ 30. Kd3 Re6 31. Kc2 c6 32. a4 h4 33. Rd2 h3 34. Kd1 Re4 35. Re2 Rg4 36. Kc2 Rg5 37. b4 Rf5 38. Bc1 Rd5 39. Be3 Rf5 40. Bb6 Rf3 41. Be3 Rf5 42. Kb3 Rd5 43. Rd2 Rf5 44. Rd6 Bg5 45. Bd4+ Kh6 46. Rxc6 Bd2 47. Rc8 Be1 48. Rh8+ Kg5 49. Rxh3 Kg4 50. Rh4+ Kg5 51. Re4 Bxf2 52. Re5 Rxe5 53. Bxe5 axb4 54. cxb4 Kf5 55. Bc7 Ke4 56. Kc4 g5 57. b5 1-0

[Event "Campeonato de Aragon por Equipos 2025 - "]
[Site "?"]
[Date "2025.02.22"]
[Round "5.46"]
[White "Carrasquer Alonso, Luis"]
[Black "Sanchez Castro, Roberto"]
[Result "0-1"]
[WhiteElo "1883"]
[BlackElo "1939"]
[PlyCount "82"]
[GameId "2148900720308641"]
[EventDate "2025.01.25"]
[WhiteTeam "Jaque - Aramovil B"]
[BlackTeam "Iberajedrez Mundo 64 B"]

1. d4 b6 2. e4 Bb7 3. e5 e6 4. Nf3 c5 5. Bf4 Qc7 6. Nc3 a6 7. d5 f5 8. Ng5 Bc8 9. Be2 g6 10. Bf3 Ra7 11. h4 h5 12. Qd2 Nh6 13. d6 Qd8 14. Nge4 fxe4 15. Bg5 exf3 16. gxf3 Nc6 17. Bxd8 Nxd8 18. Qg5 Bb7 19. Ke2 Nf5 20. Qxg6+ Nf7 21. Kd2 Rh6 22. Qg2 Nxe5 23. Ne4 Rg6 24. Qh3 Bxe4 25. fxe4 Bh6+ 26. Kc3 Nxd6 27. Rhg1 Nxe4+ 28. Kb3 c4+ 29. Ka3 Bf8+ 30. b4 a5 31. Rxg6 axb4+ 32. Kb2 c3+ 33. Kc1 Nxg6 34. Qg2 Nxh4 35. Qxe4 Nf5 36. Kd1 Ra5 37. Ke1 Bd6 38. f4 Be7 39. Qf3 Rd5 40. Qxh5+ Kd8 41. Rd1 Bh4+ 0-1

[Event "Campeonato de Aragon por Equipos 2025 - "]
[Site "?"]
[Date "2025.02.22"]
[Round "5.47"]
[White "Moreno Burillo, Marcos Antonio"]
[Black "Vizcarra Susin, Sergio"]
[Result "1-0"]
[WhiteElo "1906"]
[BlackElo "1631"]
[PlyCount "45"]
[GameId "2148900720345506"]
[EventDate "2025.01.25"]
[WhiteTeam "Iberajedrez Mundo 64 B"]
[BlackTeam "Jaque - Aramovil B"]

1. d4 d5 2. c4 c6 3. cxd5 cxd5 4. Bg5 Qb6 5. Nc3 Nc6 6. Qd2 e6 7. e3 Bd7 8. Nf3 Be7 9. Bf4 a6 10. Rc1 Na5 11. Nxd5 exd5 12. Bc7 Bb4 13. Bxb6 Bxd2+ 14. Nxd2 Nc6 15. Bd3 Nf6 16. Bc5 Be6 17. O-O Kd7 18. f4 Ng4 19. f5 Rae8 20. fxe6+ fxe6 21. e4 Nd8 22. exd5 exd5 23. Bf5+ 1-0

[Event "Campeonato de Aragon por Equipos 2025 - "]
[Site "?"]
[Date "2025.02.22"]
[Round "5.48"]
[White "Gomez Salinas, Nestor"]
[Black "Bonet Herbera, Isabel"]
[Result "1/2-1/2"]
[WhiteElo "1978"]
[BlackElo "1990"]
[PlyCount "49"]
[GameId "2148900720435619"]
[EventDate "2025.01.25"]
[WhiteTeam "Palacio De Pioneros B"]
[BlackTeam "Binefar"]

1. g4 d5 2. Bg2 Bxg4 3. c4 c6 4. cxd5 cxd5 5. Qb3 Nf6 6. Qxb7 Nbd7 7. Nc3 e6 8. d4 Be7 9. f3 Bh5 10. Nh3 O-O 11. Nf4 Bd6 12. Qa6 Qb8 13. Nxh5 Nxh5 14. e3 Nb6 15. Qd3 Re8 16. f4 Qd8 17. Qe2 Qh4+ 18. Qf2 Qxf2+ 19. Kxf2 Rac8 20. Bf3 Nf6 21. a3 Nc4 22. Nb5 Bb8 23. Nc3 Bd6 24. Nb5 Bb8 25. Nc3 1/2-1/2

[Event "Campeonato de Aragon por Equipos 2025 - "]
[Site "?"]
[Date "2025.02.22"]
[Round "5.49"]
[White "Ballarin Corvinos, Jorge"]
[Black "Iglesias Fernandez, Luis"]
[Result "1/2-1/2"]
[WhiteElo "1865"]
[BlackElo "1858"]
[PlyCount "164"]
[GameId "2148900720472484"]
[EventDate "2025.01.25"]
[WhiteTeam "Binefar"]
[BlackTeam "Palacio De Pioneros B"]

1. e4 e6 2. d4 d5 3. e5 c5 4. c3 Qb6 5. Nf3 Bd7 6. Be2 cxd4 7. cxd4 Bb5 8. Nc3 Bxe2 9. Qxe2 Qa6 10. Nb5 Qb6 11. O-O Nc6 12. Be3 a6 13. Nc3 Bb4 14. Ng5 Bxc3 15. bxc3 Na5 16. Rab1 Qc7 17. f4 Ne7 18. Bd2 Nc4 19. g4 h6 20. Nf3 b6 21. Nh4 g6 22. f5 g5 23. Ng2 Rc8 24. fxe6 fxe6 25. Rf6 Kd7 26. Rc1 Rcf8 27. Rcf1 Rxf6 28. Rxf6 Nxd2 29. Qxd2 Rc8 30. Rf3 Ng6 31. h4 Rf8 32. Rxf8 Nxf8 33. hxg5 hxg5 34. Ne1 Ke8 35. Nf3 Nh7 36. Nxg5 Qg7 37. Nxh7 Qxg4+ 38. Qg2 Qd1+ 39. Kh2 Qh5+ 40. Qh3 Qe2+ 41. Kg3 Qd3+ 42. Kg4 Qf5+ 43. Kg3 Qd3+ 44. Kh2 Qc2+ 45. Kg1 Qb1+ 46. Kf2 Qc2+ 47. Ke1 Qc1+ 48. Kf2 Qc2+ 49. Kg3 Qd3+ 50. Kh2 Qc2+ 51. Kg1 Qb1+ 52. Qf1 Qxh7 53. Qxa6 Qb1+ 54. Qf1 Qxa2 55. Qb5+ Kf8 56. Qxb6 Qa1+ 57. Kg2 Qxc3 58. Qd8+ Kg7 59. Qf6+ Kh7 60. Qf7+ Kh8 61. Qh5+ Kg7 62. Qg5+ Kh7 63. Qe7+ Kh8 64. Qh4+ Kg8 65. Qg4+ Kh8 66. Kf2 Qd2+ 67. Kg3 Qe1+ 68. Kf4 Qd2+ 69. Kg3 Qe1+ 70. Kg2 Qd2+ 71. Kh3 Qh6+ 72. Kg3 Qe3+ 73. Kh4 Qh6+ 74. Qh5 Kh7 75. Kg4 Kg7 76. Qg5+ Kh7 77. Qe7+ Kh8 78. Qf6+ Kh7 79. Qf7+ Kh8 80. Qf4 Kg7 81. Qg5+ Kh7 82. Qh5 Kg7 1/2-1/2

[Event "Campeonato de Aragon por Equipos 2025 - "]
[Site "?"]
[Date "2025.02.22"]
[Round "5.50"]
[White "Caballero Ortin, Jorge"]
[Black "Arino Castan, Federico"]
[Result "1/2-1/2"]
[WhiteElo "1831"]
[BlackElo "1812"]
[PlyCount "44"]
[GameId "2148900720513445"]
[EventDate "2025.01.25"]
[WhiteTeam "Palacio De Pioneros B"]
[BlackTeam "Binefar"]

1. e4 e6 2. d3 d5 3. Qe2 dxe4 4. dxe4 Nc6 5. e5 Bc5 6. Nf3 Nge7 7. h4 O-O 8. Nc3 Nf5 9. Bg5 Qe8 10. O-O-O h6 11. Ne4 Ncd4 12. Nxd4 Bxd4 13. g4 Bxe5 14. gxf5 exf5 15. f4 Bxb2+ 16. Kxb2 Qxe4 17. Qxe4 fxe4 18. Be7 Re8 19. Bc5 Bg4 20. Re1 b6 21. Be3 Rad8 22. Bh3 Bxh3 1/2-1/2

[Event "Campeonato de Aragon por Equipos 2025 - "]
[Site "?"]
[Date "2025.02.22"]
[Round "5.51"]
[White "Malo Guillen, Jose Luis"]
[Black "Carruez Berges, Santiago"]
[Result "0-1"]
[WhiteElo "2093"]
[BlackElo "1910"]
[PlyCount "74"]
[GameId "2148900720550310"]
[EventDate "2025.01.25"]
[WhiteTeam "Las Fuentes"]
[BlackTeam "Agrupacion B"]

1. d4 e6 2. c4 Nf6 3. Nf3 a6 4. Nc3 d5 5. Bg5 dxc4 6. e3 b5 7. a4 b4 8. Nb1 c5 9. Bxc4 Nc6 10. O-O cxd4 11. exd4 Be7 12. Qe2 O-O 13. Rd1 Bb7 14. Bxe6 fxe6 15. Qxe6+ Kh8 16. d5 Re8 17. d6 Bf8 18. Qf7 Qd7 19. Qb3 Qe6 20. Nbd2 Bxd6 21. Nc4 Bc7 22. Rd3 Kg8 23. Bd2 h6 24. Bxb4 Nxb4 25. Qxb4 Rab8 26. Qc3 Nd5 27. Qe1 Qf5 28. Qd1 Nf4 29. Re3 Nxg2 30. Kxg2 Qg4+ 31. Kf1 Rxe3 32. Nxe3 Qh3+ 33. Ke1 Bxf3 34. Qd2 Qxh2 35. Qc3 Qg1+ 36. Nf1 Re8+ 37. Kd2 Qxf2+ 0-1

[Event "Campeonato de Aragon por Equipos 2025 - "]
[Site "?"]
[Date "2025.02.22"]
[Round "5.52"]
[White "Guerra Perez, Rafael"]
[Black "Alonso Blasco, Jose Miguel"]
[Result "1/2-1/2"]
[WhiteElo "1848"]
[BlackElo "1938"]
[PlyCount "114"]
[GameId "2148900720587175"]
[EventDate "2025.01.25"]
[WhiteTeam "Agrupacion B"]
[BlackTeam "Las Fuentes"]

1. d4 Nf6 2. Bf4 d5 3. e3 c5 4. Nf3 Bg4 5. Nbd2 Nc6 6. h3 Bxf3 7. Nxf3 e6 8. c3 cxd4 9. exd4 Bd6 10. Bxd6 Qxd6 11. Bd3 O-O 12. O-O Rfe8 13. Re1 e5 14. dxe5 Nxe5 15. Nxe5 Rxe5 16. Qa4 a6 17. Rad1 g6 18. Qd4 Rae8 19. Rf1 b5 20. f4 Re3 21. f5 Rxh3 22. Qf4 Qb6+ 23. Qf2 Qxf2+ 24. Rxf2 Rhe3 25. fxg6 Re1+ 26. Rxe1 Rxe1+ 27. Bf1 Kg7 28. gxh7 Nxh7 29. Rd2 Nf6 30. a3 Re5 31. Rd4 Re4 32. Rd3 Kf8 33. Rf3 Ng4 34. g3 Ke7 35. Rd3 Kd6 36. Rd4 Rxd4 37. cxd4 Ne3 38. Bd3 Kc6 39. b3 a5 40. Kf2 Nd1+ 41. Ke2 Nb2 42. Bh7 a4 43. Kd2 axb3 44. Kc3 Nc4 45. Kxb3 Nd2+ 46. Kb4 Nf3 47. Kc3 Ng5 48. Bd3 Ne4+ 49. Kb4 Nxg3 50. Bxb5+ Kb6 51. a4 Ne4 52. a5+ Kc7 53. Be8 f5 54. Bf7 Kc6 55. a6 Kb6 56. Bxd5 Kxa6 57. Bxe4 fxe4 1/2-1/2

[Event "Campeonato de Aragon por Equipos 2025 - "]
[Site "?"]
[Date "2025.02.22"]
[Round "5.53"]
[White "Mombiela De Sus, Jose Luis"]
[Black "Casasnovas Sanchez, Raul"]
[Result "1-0"]
[WhiteElo "1918"]
[BlackElo "1810"]
[PlyCount "55"]
[GameId "2148900720628136"]
[EventDate "2025.01.25"]
[WhiteTeam "Las Fuentes"]
[BlackTeam "Agrupacion B"]

1. f4 Nh6 2. Nf3 d5 3. b3 c5 4. e3 Bg4 5. h3 Bxf3 6. Qxf3 e6 7. Bb2 Nf5 8. Bb5+ Nd7 9. c4 Qh4+ 10. Qf2 Qxf2+ 11. Kxf2 a6 12. Bxd7+ Kxd7 13. cxd5 exd5 14. Nc3 Ne7 15. Na4 Nc8 16. Rac1 c4 17. bxc4 b5 18. cxb5 axb5 19. Nc3 d4 20. Nxb5 dxe3+ 21. dxe3 Rxa2 22. Rhd1+ Bd6 23. Rc7+ Ke6 24. Rc2 Rd8 25. Nc3 Ra8 26. Ne4 Be7 27. Rc6+ Kf5 28. Ng3# 1-0

[Event "Campeonato de Aragon por Equipos 2025 - "]
[Site "?"]
[Date "2025.02.22"]
[Round "5.54"]
[White "Pedrol Aguila, Mario"]
[Black "Manguez Cambra, Jose Luis"]
[Result "1/2-1/2"]
[WhiteElo "1799"]
[BlackElo "1841"]
[PlyCount "63"]
[GameId "2148900720673193"]
[EventDate "2025.01.25"]
[WhiteTeam "Agrupacion B"]
[BlackTeam "Las Fuentes"]

1. e4 d5 2. exd5 Nf6 3. d4 Nxd5 4. c4 Nf6 5. Nf3 e6 6. Nc3 Be7 7. Bd3 c6 8. Qb3 O-O 9. Bg5 Nbd7 10. O-O-O a5 11. Bxf6 Nxf6 12. d5 Qc7 13. Qc2 h6 14. Rhe1 Bb4 15. dxc6 bxc6 16. Ne5 Ba6 17. g4 Bd6 18. f4 Bxe5 19. fxe5 Nd7 20. Qe2 Rab8 21. g5 Qb6 22. gxh6 Nxe5 23. hxg7 Nxd3+ 24. Rxd3 Rfd8 25. Rxd8+ Rxd8 26. Qh5 Kxg7 27. c5 Qc7 28. Qg5+ Kf8 29. Ne4 Rd5 30. Qh6+ Ke7 31. Qh4+ Kf8 32. Qh6+ 1/2-1/2

[Event "Campeonato de Aragon por Equipos 2025 - "]
[Site "?"]
[Date "2025.02.22"]
[Round "5.55"]
[White "Veras Sanz, Marino"]
[Black "Dolz Barea, Guillermo"]
[Result "0-1"]
[WhiteElo "2004"]
[BlackElo "1818"]
[PlyCount "104"]
[GameId "2148900720718250"]
[EventDate "2025.01.25"]
[WhiteTeam "El Olivar B"]
[BlackTeam "Iberajedrez Mundo 64 C"]

1. d4 d5 2. Nf3 Nf6 3. g3 e6 4. Bg2 Bd6 5. O-O O-O 6. c4 b6 7. cxd5 exd5 8. Nc3 a6 9. e4 dxe4 10. Ng5 Bb7 11. Ngxe4 Nxe4 12. Nxe4 Nc6 13. Be3 Be7 14. Rc1 Nb4 15. Qb3 Bd5 16. Qa4 Nxa2 17. Ra1 Nb4 18. h4 Rc8 19. Rfc1 a5 20. Bf4 Nd3 21. Rc3 Nxf4 22. gxf4 Bxh4 23. Rh3 Re8 24. Qc2 h6 25. Raa3 f5 26. Ng3 Bxg2 27. Kxg2 Qd5+ 28. Kh2 Bxg3+ 29. Raxg3 Re6 30. Rh5 Rf6 31. Qe2 Kf7 32. Re3 Qxd4 33. Rh4 Qd6 34. Qc4+ Kf8 35. Rhh3 Re8 36. Rxe8+ Kxe8 37. Qg8+ Qf8 38. Re3+ Kd7 39. Rd3+ Kc8 40. Qc4 Kb8 41. Rd7 Qc5 42. Qe2 g5 43. b4 Qxb4 44. Rd8+ Kb7 45. Qe8 Qxf4+ 46. Kg1 Qc1+ 47. Kh2 Qc6 48. Rb8+ Ka7 49. Qd8 Rd6 50. Ra8+ Qxa8 51. Qxc7+ Qb7 52. Qxd6 Qg7 0-1

[Event "Campeonato de Aragon por Equipos 2025 - "]
[Site "?"]
[Date "2025.02.22"]
[Round "5.56"]
[White "Fuentes Garces, Pedro Jon"]
[Black "Jaso Escudero, Julen"]
[Result "1-0"]
[WhiteElo "1813"]
[BlackElo "1925"]
[PlyCount "95"]
[GameId "2148900720751019"]
[EventDate "2025.01.25"]
[WhiteTeam "Iberajedrez Mundo 64 C"]
[BlackTeam "El Olivar B"]

1. d4 d5 2. c4 e6 3. Nc3 Nf6 4. cxd5 exd5 5. Bg5 Be7 6. Qc2 c6 7. e3 O-O 8. Bd3 Nbd7 9. Nge2 Re8 10. O-O h6 11. Bh4 Ne4 12. Bxe7 Qxe7 13. Nf4 Ndf6 14. Rfe1 Nxc3 15. bxc3 Qd6 16. Rab1 b6 17. c4 g5 18. Ne2 Ba6 19. cxd5 Bxd3 20. Qxd3 cxd5 21. Rec1 Ng4 22. Ng3 Qf6 23. Qf5 h5 24. f3 Qxf5 25. Nxf5 Nf6 26. Rc7 Kf8 27. Rbc1 Red8 28. R1c6 Ne8 29. Rh6 Kg8 30. Rcc6 h4 31. Kf2 Rd7 32. Rh5 f6 33. Rh6 b5 34. Ke2 Rb8 35. Kd3 a5 36. Kc3 b4+ 37. Kb3 a4+ 38. Kb2 b3 39. a3 Rdb7 40. f4 gxf4 41. exf4 Ng7 42. Rg6 Re8 43. Nd6 Re2+ 44. Kb1 Rbe7 45. Rc1 Ra2 46. Nf5 Rd7 47. Rc8+ Kh7 48. Rh6# 1-0